000 00297nam a22001337a 4500
008 170927b xxu||||| |||| 00| 0 eng d
020 _a9780312645632
041 _aeng
080 _a37
100 _a47
101 _aEDU
245 _aTEACHING WITH HACKER HANDBOOKS
_cHORN,M.C
942 _2udc
_cBK
999 _c30314
_d30314